000 00647cam a22002413a 4500
001 10192
003 PGUSA
005 20140828083221.0
008 031101s2003||||xxu|||||s|||||000 | eng d
040 _aPGUSA
_beng
042 _adc
050 4 _aM
100 1 _aWoottwell, Tom
245 1 0 _aInterruptions :
_bComic Sketch
_h[electronic resource] /
_cTom Woottwell
260 _bProject Gutenberg,
_c2003
500 _aRecorded 1909.
506 _aPublic domain in the USA.
516 _aElectronic text
653 _aHumorous songs
830 0 _aProject Gutenberg
_v10192
856 4 0 _uhttp://www.gutenberg.org/ebooks/10192
942 _cEB
999 _c239447
_d239447